[Event "BAN-chT 1st League"]
[Site "Dhaka"]
[Date "2022.03.13"]
[Round "4.3"]
[White "Islam, Mohammad Aminul"]
[Black "Sahu, Sekhar Chandra"]
[Result "0-1"]
[WhiteElo "2080"]
[BlackElo "2049"]
[PlyCount "56"]
[EventDate "2022.03.10"]
[EventType "team-tourn"]
[EventRounds "11"]
[EventCountry "BAN"]
[SourceTitle "EXT 2023"]
[Source "ChessBase"]
[SourceDate "2022.10.05"]
[SourceVersion "1"]
[SourceVersionDate "2022.10.05"]
[SourceQuality "1"]
[WhiteTeam "Palli Sanchoy Bank"]
[BlackTeam "Sangbadik Shahnoor Khan"]
[WhiteTeamCountry "BAN"]
[BlackTeamCountry "BAN"]

1. Nf3 c5 2. c4 Nc6 3. Nc3 g6 4. g3 Bg7 5. Bg2 d6 6. 0-0 Nh6 7. d3 Nf5 8. Bd2 0-0 9. Rb1 Rb8 10. a3 b6 11. b4 Bb7 12. Qc1 Ncd4 13. Nxd4 cxd4 14. Ne4 d5 15. cxd5 Rc8 16. Qb2 Bxd5 17. Rfc1 Qd7 18. b5 Be5 19. a4 h5 20. h4 Qb7 21. Bf3 Rfd8 22. Bb4 Kg7 23. Rxc8 Rxc8 24. Rc1 Rc7 25. Rxc7 Qxc7 26. Nd2 Bxf3 27. Nxf3 Bxg3 28. Nxd4 Bxf2+ 0-1

[Event "Dhaka Al Mahmud Memorial"]
[Site "Dhaka"]
[Date "2022.02.08"]
[Round "4"]
[White "Islam, Mohammad Aminul"]
[Black "Zia, Tahsin Tajwar"]
[Result "1/2-1/2"]
[WhiteElo "2093"]
[BlackElo "2283"]
[PlyCount "127"]
[EventDate "2022.02.05"]
[EventType "swiss"]
[EventRounds "9"]
[EventCountry "BAN"]
[SourceTitle "CBM 206 Extra"]
[Source "ChessBase"]
[SourceDate "2022.03.31"]
[SourceVersion "1"]
[SourceVersionDate "2022.03.31"]
[SourceQuality "1"]

1. Nf3 d5 2. g3 Nd7 3. d4 Nb6 4. Bg2 Bf5 5. a4 a5 6. Bf4 e6 7. Nbd2 Nf6 8. 0-0 h6 9. b3 Ne4 10. Nxe4 dxe4 11. Nd2 Qxd4 12. Nxe4 0-0-0 13. Qd3 Qxd3 14. cxd3 Nd5 15. Bd2 Bb4 16. Rfd1 e5 17. Rac1 b6 18. Bxb4 Nxb4 19. Nd2 f6 20. Nc4 Kb8 21. Rd2 Rd4 22. Rb2 Rhd8 23. Ne3 Be6 24. Nc2 Nxc2 25. Rcxc2 c5 26. Bc6 h5 27. Bb5 h4 28. f3 g5 29. Bc4 Bc8 30. Kf2 hxg3+ 31. hxg3 Rh8 32. g4 Rdd8 33. e4 Rh3 34. Kg2 Rdh8 35. Rf2 Rh1 36. Rbd2 Kc7 37. Rb2 Kd6 38. Rbd2 Bd7 39. Rb2 R8h3 40. Rbd2 Be6 41. Rb2 Ke7 42. Rbd2 Rh4 43. Rb2 Kd6 44. Rbd2 Bc8 45. Rb2 Bd7 46. Rbd2 Be6 47. Rb2 Rc1 48. Rfc2 Ra1 49. Ra2 Rb1 50. Rab2 Rbh1 51. Rf2 Ke7 52. Rbd2 Rb1 53. Rf1 Rh2+ 54. Kxh2 Rxf1 55. Kg2 Rb1 56. Kf2 Bxc4 57. bxc4 Ra1 58. Rb2 Rxa4 59. Rxb6 Ra2+ 60. Ke3 a4 61. Rc6 a3 62. Rxc5 Ra1 63. Ra5 a2 64. Rxa2 1/2-1/2

[Event "Dhaka Walton op"]
[Site "Dhaka"]
[Date "2021.06.19"]
[Round "5"]
[White "Islam, Mohammad Aminul"]
[Black "Abdul, Momin"]
[Result "1-0"]
[WhiteElo "2073"]
[BlackElo "1937"]
[PlyCount "75"]
[EventDate "2021.06.15"]
[EventType "swiss"]
[EventRounds "9"]
[EventCountry "BAN"]
[SourceTitle "EXT 2022"]
[Source "ChessBase"]
[SourceDate "2021.10.06"]
[SourceVersion "1"]
[SourceVersionDate "2021.10.06"]
[SourceQuality "1"]

1. e4 c5 2. Nf3 d6 3. d4 cxd4 4. Nxd4 Nf6 5. Nc3 a6 6. Bg5 e6 7. f4 Be7 8. Qf3 Qc7 9. 0-0-0 b5 10. Bxf6 gxf6 11. f5 b4 12. Nb1 e5 13. Nb3 Bd7 14. N1d2 Bb5 15. Bd3 Nd7 16. Nf1 Bxd3 17. Qxd3 0-0 18. Ne3 Nb6 19. Rhf1 a5 20. Rf3 a4 21. Nd2 Rac8 22. Kb1 Rfd8 23. Nd5 Nxd5 24. exd5 Kh8 25. Ne4 Qc4 26. b3 Qxd3 27. Rfxd3 Rg8 28. g3 Rc7 29. Rf1 Ra8 30. c4 Rca7 31. Rf2 Kg7 32. bxa4 Rxa4 33. Rb3 Rc8 34. c5 dxc5 35. d6 Bd8 36. Nxc5 Ra5 37. Ne6+ fxe6 38. fxe6 1-0

[Event "Dhaka Walton op"]
[Site "Dhaka"]
[Date "2021.06.17"]
[Round "3"]
[White "Islam, Mohammad Aminul"]
[Black "Mohammad Fahad, Rahman"]
[Result "0-1"]
[WhiteElo "2073"]
[BlackElo "2314"]
[PlyCount "80"]
[EventDate "2021.06.15"]
[EventType "swiss"]
[EventRounds "9"]
[EventCountry "BAN"]
[SourceTitle "EXT 2022"]
[Source "ChessBase"]
[SourceDate "2021.10.06"]
[SourceVersion "1"]
[SourceVersionDate "2021.10.06"]
[SourceQuality "1"]

1. e4 c5 2. Nf3 d6 3. d4 cxd4 4. Nxd4 Nf6 5. Nc3 Nc6 6. Bg5 e6 7. Qd2 a6 8. 0-0-0 Bd7 9. f4 b5 10. Bxf6 gxf6 11. Kb1 Qb6 12. Nf3 b4 13. Na4 Qa5 14. b3 Na7 15. Nb2 Nb5 16. Nc4 Qc7 17. Re1 a5 18. a4 bxa3 19. Nd4 a4 20. Nxb5 Bxb5 21. Nxd6+ Bxd6 22. Bxb5+ Ke7 23. e5 a2+ 24. Kxa2 axb3+ 25. Kxb3 fxe5 26. fxe5 Bxe5 27. Rhf1 f6 28. Qb4+ Kf7 29. Rd1 Rhd8 30. Rxd8 Rxd8 31. h3 Rd4 32. Bc4 Rd6 33. Rf3 Rb6 34. Bb5 Qb7 35. c4 Qe4 36. Qa5 Qb1+ 37. Ka4 Bd6 38. Qd2 Be7 39. Rd3 Rb8 40. Ka5 Qa1+ 0-1

[Event "Dhaka Walton op"]
[Site "Dhaka"]
[Date "2021.06.15"]
[Round "1"]
[White "Islam, Mohammad Aminul"]
[Black "Md Abu, Said"]
[Result "1-0"]
[WhiteElo "2073"]
[BlackElo "1629"]
[PlyCount "82"]
[EventDate "2021.06.15"]
[EventType "swiss"]
[EventRounds "9"]
[EventCountry "BAN"]
[SourceTitle "EXT 2022"]
[Source "ChessBase"]
[SourceDate "2021.10.06"]
[SourceVersion "1"]
[SourceVersionDate "2021.10.06"]
[SourceQuality "1"]

1. Nf3 g6 2. d4 Bg7 3. e4 d6 4. Bc4 e6 5. 0-0 Ne7 6. Be3 0-0 7. Qd2 Nd7 8. Bh6 Nf6 9. Bxg7 Kxg7 10. e5 Nfd5 11. Bd3 Nf5 12. c4 Nde7 13. Nc3 b6 14. Be4 Rb8 15. Rad1 d5 16. cxd5 exd5 17. Bd3 Nc6 18. Qf4 Be6 19. Bb5 Nce7 20. g4 Nh6 21. Qf6+ Kg8 22. h3 Nc8 23. Qf4 Kg7 24. Ng5 a5 25. Rd3 Qe7 26. Bc6 Rd8 27. Nb5 Ng8 28. Rc1 h6 29. Nxe6+ fxe6 30. Rf3 g5 31. Qe3 Kh8 32. Qd3 Qg7 33. a4 Nce7 34. Nxc7 Nxc6 35. Rxc6 Qd7 36. Rc3 Rbc8 37. Nb5 Rf8 38. Rxf8 Rxf8 39. Rc7 Qg7 40. Rxg7 Kxg7 41. Nc7 Ne7 1-0

[Event "Dhaka Marcel 1st Division"]
[Site "Dhaka"]
[Date "2019.11.14"]
[Round "3.3"]
[White "Islam, Mohammad Aminul"]
[Black "Sharmin, Samiha Shimmi"]
[Result "1-0"]
[WhiteElo "2078"]
[BlackElo "1853"]
[PlyCount "51"]
[EventDate "2019.11.12"]
[EventType "team-tourn"]
[EventRounds "9"]
[EventCountry "BAN"]
[SourceTitle "CBM 193 Extra"]
[Source "ChessBase"]
[SourceDate "2020.01.31"]
[SourceVersion "1"]
[SourceVersionDate "2020.01.31"]
[SourceQuality "1"]
[WhiteTeam "Shahin CC"]
[BlackTeam "Mir CC"]
[WhiteTeamCountry "BAN"]
[BlackTeamCountry "BAN"]

1. Nf3 d5 2. g3 Nf6 3. Bg2 e6 4. d4 c5 5. c4 Nc6 6. cxd5 exd5 7. 0-0 Bd6 8. Nc3 Be6 9. Bg5 cxd4 10. Nxd4 h6 11. Bxf6 Qxf6 12. Ndb5 Be5 13. e4 d4 14. Nd5 Qd8 15. f4 a6 16. Na3 Bf6 17. Nc4 0-0 18. Nxf6+ gxf6 19. Nd2 d3 20. f5 Qb6+ 21. Kh1 Bd7 22. Rf4 Qe3 23. Qh5 Kh7 24. Nc4 Qe2 25. Bf3 Qf2 26. Rh4 1-0

[Event "Dhaka Marcel 1st Division"]
[Site "Dhaka"]
[Date "2019.11.12"]
[Round "1.4"]
[White "Parvej, Nahid Sagar"]
[Black "Islam, Mohammad Aminul"]
[Result "1/2-1/2"]
[WhiteElo "1976"]
[BlackElo "2078"]
[PlyCount "92"]
[EventDate "2019.11.12"]
[EventType "team-tourn"]
[EventRounds "9"]
[EventCountry "BAN"]
[SourceTitle "CBM 193 Extra"]
[Source "ChessBase"]
[SourceDate "2020.01.31"]
[SourceVersion "1"]
[SourceVersionDate "2020.01.31"]
[SourceQuality "1"]
[WhiteTeam "Basir Memorial"]
[BlackTeam "Shahin CC"]
[WhiteTeamCountry "BAN"]
[BlackTeamCountry "BAN"]

1. e4 c6 2. Nc3 d5 3. Nf3 dxe4 4. Nxe4 Nf6 5. Nxf6+ exf6 6. d4 Bd6 7. Bd3 0-0 8. 0-0 Bg4 9. h3 Bh5 10. Re1 Nd7 11. Be2 Re8 12. Nh4 Bxe2 13. Rxe2 g6 14. Bd2 Qb6 15. Bc3 Qb5 16. Re1 Qd5 17. Nf3 Nf8 18. Qd2 Ne6 19. b3 Nf4 20. Qd1 Re4 21. Bd2 Rxe1+ 22. Bxe1 Re8 23. Kf1 b5 24. Bd2 Ne6 25. Be3 b4 26. Qd3 Nc7 27. c4 bxc3 28. Qxc3 Ba3 29. Rd1 a5 30. Qc4 Rb8 31. Bf4 Rb4 32. Qxd5 Nxd5 33. Bd6 Rxb3 34. axb3 Bxd6 35. Re1 Nb4 36. Ra1 Bc7 37. Nd2 Bb6 38. Nc4 Bxd4 39. Rxa5 Nd3 40. Ra8+ Kg7 41. f3 f5 42. Rd8 Bc3 43. Na3 Nc1 44. Rd1 Bb4 45. Rxc1 Bxa3 46. Rxc6 Bb4 1/2-1/2

[Event "Dhaka Chowdhury Memorial Rating"]
[Site "Dhaka"]
[Date "2019.05.09"]
[Round "6"]
[White "Islam, Mohammad Aminul"]
[Black "Md Abu, Hanif"]
[Result "1-0"]
[WhiteElo "1997"]
[BlackElo "2007"]
[PlyCount "103"]
[EventDate "2019.05.04"]
[EventType "swiss"]
[EventRounds "9"]
[EventCountry "BAN"]
[SourceTitle "CBM 190 Extra"]
[Source "ChessBase"]
[SourceDate "2019.07.15"]
[SourceVersion "1"]
[SourceVersionDate "2019.07.15"]
[SourceQuality "1"]

1. Nf3 d5 2. c4 c6 3. Qc2 Nf6 4. g3 g6 5. b3 Bg7 6. Bb2 Na6 7. Bg2 Bf5 8. Qc1 Rc8 9. 0-0 0-0 10. Na3 Re8 11. d3 Nb4 12. Nc2 Nxc2 13. Qxc2 Nh5 14. Bxg7 Nxg7 15. e4 Be6 16. Rfe1 f6 17. Rad1 Bg4 18. h3 Bxf3 19. Bxf3 e5 20. exd5 cxd5 21. Qb2 dxc4 22. bxc4 b6 23. Bd5+ Kh8 24. d4 exd4 25. Qxd4 Qd6 26. g4 Re7 27. Rxe7 Qxe7 28. Rd3 Rd8 29. Re3 Qd6 30. a4 Re8 31. Kf1 Rxe3 32. Qxe3 Qe5 33. Qa3 Qe8 34. a5 Qd8 35. axb6 axb6 36. Ke1 Qe8+ 37. Kd2 Qd8 38. Kc3 f5 39. g5 f4 40. Qa8 Qxa8 41. Bxa8 Ne6 42. h4 h6 43. Bd5 Nc7 44. Kd4 hxg5 45. hxg5 Kg7 46. Ke5 b5 47. c5 b4 48. Bc4 b3 49. Bxb3 f3 50. Bc4 Kf8 51. Kd6 Ne8+ 52. Kd7 1-0

[Event "BAN-chT"]
[Site "Dhaka"]
[Date "2018.12.16"]
[Round "11.3"]
[White "Islam, Mohammad Aminul"]
[Black "Md Jamal, Uddin"]
[Result "1-0"]
[WhiteElo "1959"]
[BlackElo "2001"]
[PlyCount "105"]
[EventDate "2018.12.06"]
[EventType "team-tourn"]
[EventRounds "11"]
[EventCountry "BAN"]
[SourceTitle "CBM 187 Extra"]
[Source "ChessBase"]
[SourceDate "2018.11.04"]
[SourceVersion "1"]
[SourceVersionDate "2018.11.04"]
[SourceQuality "1"]
[WhiteTeam "Sultana Kamal Smirity Pathagar"]
[BlackTeam "Sonali Bank Sports"]
[WhiteTeamCountry "BAN"]
[BlackTeamCountry "BAN"]

1. e4 c5 2. Nc3 a6 3. a4 Nc6 4. g3 e6 5. Bg2 g6 6. Nge2 Bg7 7. d3 Nge7 8. Be3 Nd4 9. Qd2 d6 10. 0-0 0-0 11. Nc1 Rb8 12. Nd1 b5 13. c3 Ndc6 14. f4 b4 15. d4 cxd4 16. cxd4 d5 17. e5 a5 18. Nb3 Ba6 19. Rf2 Bc4 20. Nc5 b3 21. Rc1 Nb4 22. Bf1 Na2 23. Rxc4 dxc4 24. Bxc4 Nd5 25. Bxb3 Nab4 26. Bc4 Qc7 27. b3 Rfd8 28. Nc3 Bf8 29. N3e4 Qb6 30. g4 Bxc5 31. dxc5 Qc7 32. Nd6 Qe7 33. g5 Nxe3 34. Qxe3 Nd5 35. Qf3 Rb4 36. Rd2 Rdb8 37. Rxd5 exd5 38. Qxd5 Rf8 39. Kg2 Qd7 40. h3 Qa7 41. e6 fxe6 42. Qxe6+ Kh8 43. Qe5+ Qg7 44. c6 Rb6 45. Bd5 Rbb8 46. Be6 Qxe5 47. fxe5 Rb6 48. Bd5 Rbb8 49. e6 Kg7 50. e7 Rfc8 51. Nxc8 Rxc8 52. Be6 Ra8 53. c7 1-0

[Event "BAN-chT"]
[Site "Dhaka"]
[Date "2018.12.15"]
[Round "10.2"]
[White "Rahman, Ziaur"]
[Black "Islam, Mohammad Aminul"]
[Result "1-0"]
[WhiteElo "2468"]
[BlackElo "1959"]
[PlyCount "63"]
[EventDate "2018.12.06"]
[EventType "team-tourn"]
[EventRounds "11"]
[EventCountry "BAN"]
[SourceTitle "CBM 187 Extra"]
[Source "ChessBase"]
[SourceDate "2018.11.04"]
[SourceVersion "1"]
[SourceVersionDate "2018.11.04"]
[SourceQuality "1"]
[WhiteTeam "Saif Sporting Club"]
[BlackTeam "Sultana Kamal Smirity Pathagar"]
[WhiteTeamCountry "BAN"]
[BlackTeamCountry "BAN"]

1. d4 Nf6 2. Bg5 Ne4 3. Bf4 c5 4. f3 Qa5+ 5. c3 Nf6 6. d5 b5 7. e4 Bb7 8. a4 b4 9. Nd2 d6 10. Bb5+ Nfd7 11. Nb3 Qb6 12. cxb4 cxb4 13. Nd4 a6 14. a5 Qd8 15. Ba4 g5 16. Bxg5 Rg8 17. f4 Bg7 18. Ngf3 h6 19. Bh4 Kf8 20. e5 dxe5 21. Nc6 Bxc6 22. dxc6 e4 23. Ne5 Bxe5 24. fxe5 Nxc6 25. Bxc6 Nxe5 26. Qh5 Rxg2 27. Qxh6+ Kg8 28. Bxe4 Rg7 29. Rd1 Qe8 30. Bg3 Ng4 31. Qc6 Qxc6 32. Bxc6 1-0

[Event "BAN-chT"]
[Site "Dhaka"]
[Date "2018.12.09"]
[Round "4.1"]
[White "Islam, Mohammad Aminul"]
[Black "Mihir Lal, Das"]
[Result "0-1"]
[WhiteElo "1959"]
[BlackElo "2010"]
[PlyCount "156"]
[EventDate "2018.12.06"]
[EventType "team-tourn"]
[EventRounds "11"]
[EventCountry "BAN"]
[SourceTitle "CBM 187 Extra"]
[Source "ChessBase"]
[SourceDate "2018.11.04"]
[SourceVersion "1"]
[SourceVersionDate "2018.11.04"]
[SourceQuality "1"]
[WhiteTeam "Sultana Kamal Smirity Pathagar"]
[BlackTeam "Access"]
[WhiteTeamCountry "BAN"]
[BlackTeamCountry "BAN"]

1. Nf3 Nf6 2. c4 g6 3. g3 Bg7 4. Bg2 c5 5. 0-0 0-0 6. Nc3 Nc6 7. d3 d6 8. Bd2 Bf5 9. h3 Rb8 10. a3 a6 11. Rb1 b5 12. cxb5 axb5 13. b4 cxb4 14. axb4 Qd7 15. Kh2 e5 16. e4 Be6 17. Ng5 Nd4 18. Ne2 Nxe2 19. Qxe2 Rbc8 20. Nxe6 Qxe6 21. Be3 Rc3 22. Rfc1 Rfc8 23. Qd2 Rxc1 24. Rxc1 h5 25. Bf3 Rxc1 26. Qxc1 Qb3 27. Qd2 d5 28. exd5 Nxd5 29. Bc5 Bf8 30. Bxf8 Kxf8 31. Bxd5 Qxd5 32. Qe3 Ke7 33. h4 Ke6 34. f3 f6 35. Kh3 Qc6 36. g4 Qd6 37. Qe4 f5 38. gxf5+ gxf5 39. Qe3 Qxb4 40. Qh6+ Kd5 41. Qxh5 Qf8 42. f4 b4 43. fxe5 Kxe5 44. Qd1 f4 45. Qa1+ Kd5 46. Qa2+ Kd4 47. Qc4+ Ke3 48. Qe4+ Kd2 49. Qg2+ Kc3 50. Qc6+ Kd4 51. Qc4+ Ke3 52. Qc1+ Kxd3 53. Qd1+ Ke4 54. Qe2+ Kd4 55. Qd2+ Kc5 56. Qc2+ Kb6 57. Qg6+ Ka5 58. Qh5+ Ka4 59. Qd1+ b3 60. Qa1+ Kb4 61. Qe5 Kc4 62. Qe6+ Kc3 63. Qe1+ Kc2 64. Qe4+ Kb2 65. Qe2+ Kb1 66. Qe4+ Ka2 67. Qa4+ Qa3 68. Qc4 Qd6 69. Kg4 Ka3 70. Qc3 Qf8 71. Kf3 Ka2 72. Qc4 Qf5 73. Qa4+ Kb2 74. Qb4 Qh3+ 75. Ke4 Qe3+ 76. Kf5 f3 77. Qc4 f2 78. h5 Qf3+ 0-1

[Event "BAN-chT"]
[Site "Dhaka"]
[Date "2017.12.18"]
[Round "10.2"]
[White "Ahmed, Sk Nasir"]
[Black "Islam, Mohammad Aminul"]
[Result "1-0"]
[WhiteElo "2284"]
[BlackElo "1923"]
[PlyCount "70"]
[EventDate "2017.12.09"]
[EventType "team-tourn"]
[EventRounds "11"]
[EventCountry "BAN"]
[SourceTitle "CBM 182 Extra"]
[Source "ChessBase"]
[SourceDate "2018.02.23"]
[SourceVersion "1"]
[SourceVersionDate "2018.02.23"]
[SourceQuality "1"]
[WhiteTeam "Bangladesh Navy"]
[BlackTeam "Leonine CC"]
[WhiteTeamCountry "BAN"]
[BlackTeamCountry "BAN"]

1. c4 Nf6 2. g3 g6 3. Bg2 Bg7 4. Nc3 0-0 5. d3 c5 6. e4 Nc6 7. Nge2 d6 8. 0-0 Bd7 9. h3 Rb8 10. Be3 a6 11. a4 e5 12. Rb1 Nb4 13. f4 Qe7 14. Qd2 Ne8 15. f5 b5 16. axb5 axb5 17. b3 Nc7 18. g4 f6 19. Ng3 g5 20. Bf3 h6 21. Kg2 Nc6 22. Nd5 Nxd5 23. exd5 Nb4 24. Ne4 Ra8 25. Ra1 Rfc8 26. Be2 Be8 27. Qb2 Bf8 28. Bd2 Kf7 29. h4 Qb7 30. hxg5 fxg5 31. Rh1 Rxa1 32. Qxa1 Ra8 33. Qc1 Ra2 34. Rxh6 Ra8 35. Rh1 Kg7 1-0

[Event "BAN-chT"]
[Site "Dhaka"]
[Date "2017.12.16"]
[Round "8.2"]
[White "Kaustuv, Kundu"]
[Black "Islam, Mohammad Aminul"]
[Result "1-0"]
[WhiteElo "2329"]
[BlackElo "1923"]
[PlyCount "89"]
[EventDate "2017.12.09"]
[EventType "team-tourn"]
[EventRounds "11"]
[EventCountry "BAN"]
[SourceTitle "CBM 182 Extra"]
[Source "ChessBase"]
[SourceDate "2018.02.23"]
[SourceVersion "1"]
[SourceVersionDate "2018.02.23"]
[SourceQuality "1"]
[WhiteTeam "Sheikh Russel"]
[BlackTeam "Leonine CC"]
[WhiteTeamCountry "BAN"]
[BlackTeamCountry "BAN"]

1. c4 Nf6 2. Nc3 e5 3. g3 g6 4. Bg2 Bg7 5. Nf3 d6 6. d3 0-0 7. 0-0 Nc6 8. Rb1 a5 9. a3 Bd7 10. b4 axb4 11. axb4 Ne7 12. Qc2 Ne8 13. Bb2 c6 14. c5 d5 15. Na4 f6 16. Nb6 Ra6 17. Ra1 Nc7 18. e4 d4 19. Nd2 Be6 20. Ndc4 Nc8 21. Ra5 Nxb6 22. cxb6 Na8 23. Rxa6 bxa6 24. b7 Nb6 25. Na5 Nd7 26. Qxc6 Re8 27. Qxa6 Nb8 28. Qb5 Bh6 29. Bc1 Bf8 30. Bd2 Kg7 31. Rc1 Bd6 32. h4 Bd7 33. Qc4 Be6 34. Qc2 Bd7 35. Kh2 Na6 36. Bh3 f5 37. b5 Bxb5 38. Qb3 Qd7 39. exf5 gxf5 40. Rc8 Nb8 41. Rxe8 Qxe8 42. Bxf5 Bc6 43. Nxc6 Qxc6 44. Qe6 Qf3 45. Bh6+ 1-0

[Event "BAN-chT"]
[Site "Dhaka"]
[Date "2017.12.14"]
[Round "6.2"]
[White "Islam, Mohammad Aminul"]
[Black "Mohammed, Mainuddin"]
[Result "1-0"]
[WhiteElo "1923"]
[BlackElo "1960"]
[PlyCount "137"]
[EventDate "2017.12.09"]
[EventType "team-tourn"]
[EventRounds "11"]
[EventCountry "BAN"]
[SourceTitle "CBM 182 Extra"]
[Source "ChessBase"]
[SourceDate "2018.02.23"]
[SourceVersion "1"]
[SourceVersionDate "2018.02.23"]
[SourceQuality "1"]
[WhiteTeam "Leonine CC"]
[BlackTeam "Fire Service & Civil Defense"]
[WhiteTeamCountry "BAN"]
[BlackTeamCountry "BAN"]

1. c4 f5 2. d4 e6 3. Nc3 Nf6 4. g3 g6 5. Bg2 Bg7 6. Nf3 0-0 7. 0-0 d6 8. Qc2 Nbd7 9. e4 h6 10. exf5 exf5 11. Nh4 Kh7 12. b3 a6 13. Bb2 Re8 14. Rfe1 Nf8 15. d5 Bd7 16. h3 Nh5 17. Rxe8 Qxe8 18. Bf3 Nf6 19. Ng2 Qf7 20. Re1 Re8 21. Rxe8 Qxe8 22. Qe2 Qxe2 23. Nxe2 Ne8 24. Bxg7 Kxg7 25. Ne3 Bc8 26. Bg2 Kf6 27. f4 Ke7 28. Kf2 Nf6 29. Nd4 Bd7 30. Bf3 h5 31. Ke2 Bc8 32. Kd3 Bd7 33. Kc3 Bc8 34. b4 Bd7 35. a3 N8h7 36. c5 Bc8 37. c6 b6 38. a4 Nf8 39. Nb3 Kd8 40. Kd4 N8h7 41. Nd2 Ke7 42. Be2 Kd8 43. Bd3 Nf8 44. a5 b5 45. Nd1 N8h7 46. Nc3 g5 47. Nxb5 axb5 48. Bxb5 h4 49. gxh4 gxf4 50. Bd3 Nf8 51. b5 Be6 52. Bc4 Bf7 53. a6 N8d7 54. cxd7 Nxd7 55. Bd3 Bg6 56. Nb3 Kc8 57. Na5 Nb6 58. Nc6 Kd7 59. h5 Bh7 60. h4 Ke8 61. Na5 Ke7 62. Nc4 Nc8 63. Be2 Na7 64. Na5 Nc8 65. Nc6+ Kd7 66. h6 Nb6 67. Bh5 Na8 68. Bf7 Nb6 69. h5 1-0

[Event "BAN-chT"]
[Site "Dhaka"]
[Date "2017.12.13"]
[Round "5.1"]
[White "Islam, Mohammad Aminul"]
[Black "Kravtsiv, Martyn"]
[Result "0-1"]
[WhiteElo "1923"]
[BlackElo "2672"]
[PlyCount "60"]
[EventDate "2017.12.09"]
[EventType "team-tourn"]
[EventRounds "11"]
[EventCountry "BAN"]
[SourceTitle "CBM 182 Extra"]
[Source "ChessBase"]
[SourceDate "2018.02.23"]
[SourceVersion "1"]
[SourceVersionDate "2018.02.23"]
[SourceQuality "1"]
[WhiteTeam "Leonine CC"]
[BlackTeam "SAIF Sporting Club"]
[WhiteTeamCountry "BAN"]
[BlackTeamCountry "BAN"]

1. Nf3 d5 2. c4 d4 3. b4 Nf6 4. Bb2 c5 5. g3 Qc7 6. d3 e5 7. bxc5 Nbd7 8. Bg2 Nxc5 9. 0-0 Bd6 10. Na3 a6 11. Nc2 0-0 12. Rb1 Rd8 13. Ba3 Rb8 14. Bxc5 Bxc5 15. Nd2 Be6 16. Nb3 Bf8 17. Qd2 b5 18. cxb5 Rxb5 19. Rfc1 Qb6 20. Nca1 Bb4 21. Qb2 Bc3 22. Qc2 Rb8 23. Nd2 h6 24. Rxb5 axb5 25. a4 bxa4 26. Nc4 Bxc4 27. dxc4 a3 28. h3 Qb2 29. Kh2 Qxc2 30. Nxc2 a2 0-1

[Event "BAN-chT"]
[Site "Dhaka"]
[Date "2017.12.10"]
[Round "2.2"]
[White "Islam, Mohammad Aminul"]
[Black "Sultana, Sharmin Shirin"]
[Result "1-0"]
[WhiteElo "1923"]
[BlackElo "1957"]
[PlyCount "81"]
[EventDate "2017.12.09"]
[EventType "team-tourn"]
[EventRounds "11"]
[EventCountry "BAN"]
[SourceTitle "CBM 182 Extra"]
[Source "ChessBase"]
[SourceDate "2018.02.23"]
[SourceVersion "1"]
[SourceVersionDate "2018.02.23"]
[SourceQuality "1"]
[WhiteTeam "Leonine CC"]
[BlackTeam "Sultana Kamal Smirity Pathagar"]
[WhiteTeamCountry "BAN"]
[BlackTeamCountry "BAN"]

1. c4 c6 2. Nf3 Nf6 3. g3 d5 4. Bg2 Bf5 5. b3 Nbd7 6. Bb2 e6 7. 0-0 h6 8. d3 Be7 9. Nbd2 0-0 10. Qc2 Bh7 11. a3 a5 12. h3 Qb6 13. Rab1 Qc7 14. Kh2 Rfd8 15. Rbc1 Re8 16. Qb1 Rad8 17. Qa1 Bf8 18. Ne5 Qb6 19. Rb1 Qa6 20. f4 b5 21. Ndf3 c5 22. a4 b4 23. Rbe1 Qd6 24. Nd2 Nb6 25. Qd1 Nfd7 26. Qc2 Rc8 27. e4 dxc4 28. Ndxc4 Qc7 29. Rd1 Nxc4 30. dxc4 Nf6 31. g4 Rcd8 32. g5 Rxd1 33. Rxd1 hxg5 34. fxg5 Bd6 35. Rxd6 Qxd6 36. gxf6 gxf6 37. Qf2 fxe5 38. Qg3+ Bg6 39. Bxe5 Qd2 40. Qh4 Kf8 41. Bf6 1-0

[Event "New Delhi Parsvnath op 15th"]
[Site "New Delhi"]
[Date "2017.01.10"]
[Round "2"]
[White "Islam, Mohammad Aminul"]
[Black "Rathnakaran, Kantholi"]
[Result "0-1"]
[WhiteElo "2150"]
[BlackElo "2428"]
[PlyCount "102"]
[EventDate "2017.01.09"]
[EventType "swiss"]
[EventRounds "10"]
[EventCountry "IND"]
[SourceTitle "CBM 176 Extra"]
[Source "ChessBase"]
[SourceDate "2017.03.02"]
[SourceVersion "1"]
[SourceVersionDate "2017.03.02"]
[SourceQuality "1"]

1. Nf3 Nf6 2. c4 g6 3. g3 Bg7 4. Bg2 0-0 5. 0-0 c5 6. Nc3 Nc6 7. d3 d6 8. Bd2 h6 9. Rb1 Be6 10. h3 Qd7 11. Kh2 Rad8 12. e4 Nh7 13. Nd5 f5 14. Nh4 Bf7 15. exf5 g5 16. Nf3 Qxf5 17. Ne1 Qd7 18. Bc3 Nd4 19. b4 b6 20. bxc5 dxc5 21. Bd2 Nf6 22. Nxf6+ exf6 23. a4 Rfe8 24. a5 Qd6 25. axb6 axb6 26. Be3 f5 27. Nc2 Nxc2 28. Qxc2 f4 29. Bc1 fxg3+ 30. fxg3 Qxd3 31. Qxd3 Rxd3 32. Rxb6 Bxc4 33. Rf2 Bd4 34. Rc2 Bf7 35. Bb2 Bxb2 36. Rbxb2 c4 37. Rb7 Red8 38. Rf2 R8d7 39. Rxd7 Rxd7 40. Rc2 Kg7 41. Kg1 Kf6 42. Kf2 Ke5 43. Bf1 Rc7 44. Ke3 Kd5 45. Bg2+ Kc5 46. Rc1 Re7+ 47. Kd2 Kd4 48. Rf1 c3+ 49. Kc1 Bb3 50. Bf3 Ra7 51. Kb1 Bc4 0-1

[Event "BAN Walton 1st League"]
[Site "Dhaka"]
[Date "2016.12.08"]
[Round "3.4"]
[White "Mohammed Abdul, Malek"]
[Black "Islam, Mohammad Aminul"]
[Result "0-1"]
[WhiteElo "2158"]
[BlackElo "2130"]
[PlyCount "137"]
[EventDate "2016.12.06"]
[EventType "team-tourn"]
[EventRounds "9"]
[EventCountry "BAN"]
[SourceTitle "CBM 176 Extra"]
[Source "ChessBase"]
[SourceDate "2017.03.02"]
[SourceVersion "1"]
[SourceVersionDate "2017.03.02"]
[SourceQuality "1"]
[WhiteTeam "Titas CC"]
[BlackTeam "Leonine CC"]
[WhiteTeamCountry "BAN"]
[BlackTeamCountry "BAN"]

1. e4 c5 2. Nf3 d6 3. Nc3 Nc6 4. g3 g6 5. Bg2 Bg7 6. 0-0 Nf6 7. d3 0-0 8. h3 Rb8 9. a4 a6 10. Nh4 Nd4 11. f4 b5 12. axb5 axb5 13. Ne2 Nd7 14. Kh2 b4 15. Ng1 Qc7 16. Be3 b3 17. cxb3 Nxb3 18. Ra2 Nd4 19. Rf2 Nb6 20. Ngf3 Be6 21. Ra3 Nxf3+ 22. Qxf3 Nd7 23. Bc1 Rb4 24. f5 Ne5 25. Qd1 Bd7 26. g4 d5 27. Kh1 dxe4 28. dxe4 Bc6 29. Qc2 Qb7 30. Re2 Rd8 31. Qxc5 Rd1+ 32. Kh2 Rc4 33. Qa7 Qxa7 34. Rxa7 Rdxc1 35. g5 Nd7 36. Nf3 R1c2 37. Rxc2 Rxc2 38. Kg3 gxf5 39. exf5 Rxb2 40. Rc7 Be5+ 41. Nxe5 Rxg2+ 42. Kf4 Nxe5 43. Kxe5 Re2+ 44. Kf4 Bg2 45. h4 f6 46. g6 hxg6 47. fxg6 Kg7 48. h5 Kh6 49. Rc8 e5+ 50. Kg3 Kxh5 51. g7 Bd5 52. Kh3 Kg6 53. g8Q+ Bxg8 54. Rxg8+ Kf5 55. Kg3 Re3+ 56. Kf2 Ra3 57. Rb8 Kf4 58. Rb4+ e4 59. Rb2 Rh3 60. Kg2 Rg3+ 61. Kf2 e3+ 62. Kf1 Rg7 63. Rh2 f5 64. Rh4+ Kf3 65. Rh3+ Rg3 66. Rh1 f4 67. Ke1 Kg2 68. Rh8 Rh3 69. Rf8 0-1